000 01097nam a2200229 a 4500
001 000025901
003 OCoLC
005 20240313073817.0
008 081209s1980 dr 001 0 spa d
040 _aDO-SdBNP
_bspa
_cBNPHU
082 _a070.4
_bC697c, 1980
100 1 _aCollado, Lipe,
_d1947-
_979819
245 1 0 _aCurso de periodismo /
_cLipe Collado.
250 _a3ª ed.
260 _aSanto Domingo :
_bTaller,
_c1980.
300 _a157 p. :
_bil. ;
_c22 cm.
505 0 _gIntroducción --
_tEl periodismo: la mejor de las profesiones --
_tLa noticia --
_tTécnica de la redacción --
_tCaracterísticas de la noticia --
_tLas fuentes --
_tLa entrevista --
_tPárrafos cortos --
_tLa noticia en suspenso --
_tPeriodismo de profundidad --
_tNoticia social --
_tNoticia deportiva --
_tFotoperiodismo --
_tCorrector de estilo --
_tRecomendaciones de estilo --
_tEl artículo --
_tLa noticia curiosa, jocosa, extraña --
_tPunto final --
590 _aInventariado,2018/DG
650 4 _aPeriodismo
_vENSEÑANZA
_926
650 4 _aPeriodismo
_xArte de escribir
_927
910 _aValidado. Control de calidad EMS
999 _c25393
_d25393